Geography Quiz

Random Geography or Blitz Quiz

Yugoslavia Consonants Quiz Stats

 Plays Quiz Updated Mar 20, 2019

Support Sporcle.
Go Orange.
Score 0/14 Timer 00:30
0 Plays Today
% Correct
???
88.7%
???
88.2%
???
85.9%
???
81.4%
???
80.5%
???
72.6%
???
71.3%
% Correct
???
71.1%
???
70.1%
???
67.8%
???
60.3%
???
59.8%
???
56.5%
???
53.8%

You're not logged in!

Compare scores with friends on all Sporcle quizzes.
OR
Log In

From the Vault

Take Five IV

by El_Dandy

We're not sure where you need to take them, though.
Remove Ads.
Support Sporcle.
Get the best of Sporcle when you Go Orange. This ad-free experience offers more features, more stats, and more fun while also helping to support Sporcle. Thank you for becoming a member.

Show Comments

Extras

Top Quizzes Today


Score Distribution

Your Account Isn't Verified!

In order to create a playlist on Sporcle, you need to verify the email address you used during registration. Go to your Sporcle Settings to finish the process.

Report this User

Report this user for behavior that violates our Community Guidelines.

Details: